ميكانيك التربة وهندسة الاسس / (Record no. 53306)
[ view plain ]
| 000 -الفاتح | |
|---|---|
| حقل البيانات ثابتة الطول | 00732nam a2200229Ia 4500 |
| 005 - وقت وتاريخ اخر تعامل مع التسجيلة | |
| رقم الضبط | 20240530105122.0 |
| 008 - عناصر البيانات ثابتة الطول - معلومات عامة | |
| حقل البيانات ثابتة الطول | 140319s9999 xx 000 0 ara d |
| 040 ## - مصدر الفهرسة | |
| وكالة الفهرسة الأصلية | GCL / |
| وكالة النسخ | GCL |
| 082 04 - رقم تصنيف ديوى العشرى | |
| رقم التصنيف | 624.15/ |
| رقم المادة | س م |
| 100 1# - المدخل الرئيسى - إسم شخصى | |
| الإسم الشخصى | ستغ، ب. |
| 245 10 - بيان العنوان | |
| العنوان | ميكانيك التربة وهندسة الاسس / |
| بيان المسئوليه,etc | تاليف ب. ستغ، ش براكاش ؛ تعريب محمد عمر العشو |
| 300 ## - الوصف المادى | |
| التعداد | 605 ص |
| 650 04 - المدخل الاضافى بالموضوع-مصطلح موضوعى | |
| مصطلح موضوعي | التربية |
| 650 04 - المدخل الاضافى بالموضوع-مصطلح موضوعى | |
| مصطلح موضوعي | الاساسات |
| 650 04 - المدخل الاضافى بالموضوع-مصطلح موضوعى | |
| مصطلح موضوعي | ميكانيكا التربة |
| 650 04 - المدخل الاضافى بالموضوع-مصطلح موضوعى | |
| مصطلح موضوعي | هندسة التربة |
| 700 1# - المدخل الاضافى - اسم شخصى | |
| الإسم الشخصى | براكش، ش . |
| 700 0# - المدخل الاضافى - اسم شخصى | |
| الإسم الشخصى | محمد عمر العشو |
| الدور | مترجم |
| 942 ## - عناصر المدخل الإضافي( كوها) | |
| مصدر التصنيف او مخطط الترفيف | Dewey Decimal Classification |
| Koha [default] item type | كتاب |
| 260 ## - PUBLICATION, DISTRIBUTION, ETC. (IMPRINT) | |
| -- | [S.N] : |
| -- | جامعة الموصل |
| حالة التراجع | حالة الفقد | حالة تلف | ليس للاعارة | المكان المؤقت | الموقع الحالى | تاريخ الاكتساب | اجمالي اﻻعارات | رقم الطلب | الباركود | تاريخ اخر مشاهدة | تاريخ تفعيل السعر | نوع وعاء كوها |
|---|---|---|---|---|---|---|---|---|---|---|---|---|
| مكتبة القاهرة الكبرى | مكتبة القاهرة الكبرى | 03/26/2014 | 624.15\س م | 127919 | 03/26/2014 | 03/26/2014 | كتاب | |||||
| مكتبة القاهرة الكبرى | مكتبة القاهرة الكبرى | 03/26/2014 | 624.15\س م | 127920 | 03/26/2014 | 03/26/2014 | كتاب |

